000 00846cam a22002291 4500
082 _a627.8
_bCRE
_cL-22, P-4.
100 1 _aCreager, William P.
245 1 0 _aEngineering for dams,
_cby William P. Creager, Joel D. Justin, and Julian Hinds ...
260 _aNew York,
_bJ. Wiley & Sons, inc.;
_aLondon,
_bChapman & Hall, ltd.
_cc1945.
300 _a3 v.
_billus. (incl. maps) plans, tables, diagrs.
_c24 cm.
500 _aPaged continuously.
500 _aPart of illustrative material is folded.
505 0 _aI. General design.--II. Concrete dams.--III. Earth, rock-fill, steel and timber dams.
526 _a0
_b0
_c0
_d627_800000000000000_CRE
650 0 _aConcrete construction.
650 0 _aDams.
_925342
650 0 _aHydraulics.
650 0 _aMCE.
_9379
700 1 _aHinds, Julian,
700 1 _aJustin, Joel D.
942 _2ddc
_cBK
999 _c547917
_d547917